| 000 | 01396nam a2200325 i 4500 | ||
|---|---|---|---|
| 003 | EG-ScBUE | ||
| 005 | 20231207114949.0 | ||
| 008 | 100818s1997 l af 001 0 ara d | ||
| 020 | _a1855132508 | ||
| 040 |
_aEG-ScBUE _bara _erda _cEG-ScBUE _dEG-ScBUE |
||
| 041 | 1 |
_aara _heng |
|
| 043 |
_aa-le--- _ama----- |
||
| 082 | 0 | 4 |
_222 _a909.0974927082 _bط ر ا |
| 100 | 1 |
_917528 _aطرابلسي، فواز، _eمؤلف. |
|
| 240 | 1 | 0 |
_aPortrait of the young man in red : chronicles of peace and war. _lArabic |
| 245 | 1 | 0 |
_aصورة الفتى بالأحمر : _bأيام في السلم والحرب / _cفواز طرابلسي. |
| 250 | _aالطبعة الأولى. | ||
| 264 | 1 |
_aبيروت : _bرياض الريس للكتب والنشر، _c1997. |
|
| 300 |
_a350 صفحة ؛ _c20 سم |
||
| 336 |
_2rdacontent _aنص _btxt |
||
| 337 |
_aبدون وسيط _2rdamedia _bn |
||
| 338 |
_aمجلد _bnc _2rdacarrier |
||
| 500 | _aيشتمل على كشافات. | ||
| 546 | _aالنص باللغة العربية وتم ترجمته من اللغة الإنجليزية. | ||
| 651 | 7 |
_926335 _aلبنان _xتاريخ _yالعصر الحديث. _2BUEsh |
|
| 651 | 7 |
_aالدول العربية _xتاريخ _yالعصر الحديث. _2BUEsh |
|
| 651 | 7 |
_aالدول العربية _xأحوال سياسية _yالعصر الحديث. _2BUEsh |
|
| 655 | _vReading book | ||
| 942 |
_2ddc _cBB |
||
| 999 |
_c14675 _d14675 |
||